000 00639nam a2200229Ia 4500
003 OSt
005 20221007063230.0
006 a|||||r|||| 00| 0
007 ta
008 221006b |||||||| |||| 00| 0 eng d
024 _a273
037 _cTextual
040 _aFLL
_cFLL
_beng
041 _2eng
_aeng
082 _aD854:Z28152, M6
100 _aBaxi Upendra
245 0 _aInconvenient forum and convenient catastrophe
_bThe Bhopal Case
260 _aBombay
_bN.M.Tripathi Pvt.Ltd India
_c1986
300 _a325
_ccm.
942 _hD854:Z28152, M6
_cTEXL
_2CC
999 _c1130749
_d1130749